Players of National Teams - Germany - Statistics

General Stats
  • This quiz has been taken 21 times
  • The average score is 16 of 24
Answer Stats
Pos. Team Player % Correct
AM Liverpool FC Florian Wirtz
100%
DM Bayern Munich Joshua Kimmich
100%
FW Newcastle United Nick Woltemade
95%
CB Borussia Dortmund Nico Schlotterbeck
95%
FW Bayern Munich Serge Gnabry
95%
CM Bayern Munich Leon Goretzka
89%
RW Galatasaray Leroy Sané
89%
GK TSG Hoffenheim Oliver Baumann
89%
LB RB Leizpig David Raum
84%
DM Bayern Munich Aleksandar Pavlovic
79%
GK VfB Stuttgart Alexander Nübel
79%
CB Bayern Munich Jonathan Tah
79%
RW Borussia Dortmund Karim Adeyemi
79%
CB Borussia Dortmund Waldemar Anton
79%
CB Newcastle United Malick Thiaw
74%
RW VfB Stuttgart Jamie Leweling
58%
GK SC Freiburg Noah Atubolu
53%
CM Borussia Dortmund Felix Nmecha
47%
LW Brentford FC Kevin Schade
47%
RB RB Leipzig Ridle Baku
42%
LB Eintracht Frankfurt Nathaniel Brown
32%
FW Eintracht Frankfurt Jonathan Burkardt
26%
GK FC Augsburg Finn Dahmen
21%
CM RB Leipzig Assan Ouédraogo
16%
No matching quizzes found
Score Distribution
Percent of People with Each Score
Percentile by Number Answered
Your Score History
You have not taken this quiz